MARC

LEADER 00000nam0a2200000 4500
001 116346
005 20231101215325.0
020 |a RU  |b 81-2905 
035 |a (RuTPU)RU\TPU\book\125902 
090 |a 116346 
100 |a 20070521d1980 m y0rusy5003 ca 
101 1 |a rus  |c rus 
102 |a RU 
105 |a a z 000ay 
200 1 |a Хождение за три моря Афанасия Никитина, 1466-1472  |f А. Никитин  |g авт. предисл. ,подгот. текста, перевод, коммент.Н. И. Прокофьев; худож. А. С. Бакулевский 
210 |a Москва  |c Советская Россия  |d 1980 
215 |a 207 с.  |c ил.  |d 17 см. 
610 1 |a древнерусская литература 
610 1 |a древнерусская культура 
610 1 |a литературные памятники 
610 1 |a 15 век 
610 1 |a путешествия 
610 1 |a Индия 
675 |a Р1  |z rus  |v 3 
700 1 |a Никитин  |b А.  |c русский путешественник-писатель  |c тверской купец  |f ?-1474/1475  |g Афанасий  |2 stltpush  |3 (RuTPU)RU\TPU\pers\9861  |9 2061 
702 1 |a Прокофьев  |b Н. И.  |g Николай Иванович  |4 080 
702 1 |a Бакулевский  |b А. С.  |4 440 
801 0 |a RU  |b RuMRKP  |c 19950704  |g psbo 
801 1 |a RU  |b 63413507  |c 20070521  |g PSBO 
801 2 |a RU  |b 63413507  |c 20070822  |g PSBO 
942 |c BK